000 00753cam a2200217 4500
001 BIIH003282
008 1992 a spa
020 _a0-292-76531-2
035 _aBIIH003282
050 4 _aJL1298
_b.8 B45 1992
100 1 _aBeson, Nettie Lee
245 4 _aThe provincial deputacion in Mexico : Harbinger of provincial autonomy, independence, and fedetalism /
_cby Nettie Lee Benson.
260 _aAustin, Texas :
_bUniversity of Texas Press,
_c1992
300 _axiii, 225 p. ;
_c23 cm.
440 0 _aSpecial publication
504 _aBibliografia: p. 201-211
504 _aIncluye apendice e indice
650 4 _aGobierno federal
_xHistoria
_zMexico
650 4 _aGobierno estatal
_xHistoria
_zMéxico
942 _2lcc
_cLIB
999 _c69751
_d69751